Emblems of the Soviet Socialist Republics - Statistics

General Stats
  • This quiz has been taken 556 times
    162 since last reset
  • The average score is 13 of 15
Answer Stats
Picture Answer % Correct
Latvian Soviet Socialist Republic
95%
Lithuanian Soviet Socialist Republic
93%
Estonian Soviet Socialist Republic
90%
Armenian Soviet Socialist Republic
87%
Georgian Soviet Socialist Republic
87%
Ukrainian Soviet Socialist Republic
87%
Tajik Soviet Socialist Republic
85%
Turkmen Soviet Socialist Republic
85%
Azerbaijan Soviet Socialist Republic
84%
Byelorussian Soviet Socialist Republic
83%
Kazakh Soviet Socialist Republic
83%
Russian Soviet Federative Socialist Republic
82%
Kirghiz Soviet Socialist Republic
79%
Uzbek Soviet Socialist Republic
79%
Moldavian Soviet Socialist Republic
77%
No matching quizzes found
Score Distribution
Percent of People with Each Score
Percentile by Number Answered
Your Score History
You have not taken this quiz since the last reset